| 000 | 00808nam a2200277Ia 4500 | ||
|---|---|---|---|
| 001 | 7327 | ||
| 003 | 14785 | ||
| 005 | 20251008062547.0 | ||
| 008 | ||||||n9999 ||| || || | ||
| 020 | _a95891600206 | ||
| 041 | _aspa | ||
| 082 |
_220 _a352.12 |
||
| 245 | 0 |
_aPlanificación municipal presupuesto y política de inversiones _besquema para una reforma integral del municipio colombiano con participación comunitaria |
|
| 260 |
_aBogotá : _bUniversidad Distrital Francisco José de Caldas, _c1988. |
||
| 300 | _a379p | ||
| 562 | _e9 | ||
| 650 | 0 |
_aAdministración municipal _92520 |
|
| 650 |
_aCOLOMBIA _912959 |
||
| 650 | 0 |
_aParticipación ciudadana _910525 |
|
| 650 | 0 |
_aPresupuesto _96287 |
|
| 942 | _cBKM | ||
| 999 |
_c7327 _d7327 |
||
| 526 | _a17598 | ||
| 526 | _a102617 | ||
| 526 | _a51868 | ||
| 526 | _a1697 | ||